Elektronika I vybrané obvody číslicovej techniky

Bibliographic Details
Main Author: Petrovič, Pavol, 1945- (Author)
Format: Book
Language:Slovak
PhysicalDescription:139 s. sch., tab. 30 cm
Published: V Košiciach Univerzita P.J. Šafárika 2002
ISBN:8070975016
Edition:1. vyd.
Series:Vysokoškolské učebné texty
Subjects:

MARC

LEADER 00000nam a2200000 a 4500
001 vtls001464778
003 SK-MaSNL
005 20260301073435.0
008 251117s2002 xo g slo
015 |a SNBA2004/03-02556 
020 |a 8070975016 
035 |a SNK000420083 
035 |a urn:nbn:sk:snk-amyf7o 
035 |a urn:nbn:sk:snk-am00chs3 
035 |a 816C0D31-7D41-4908-B586-E76B9640F38D 
040 |a SNK  |b slo  |c SNK  |e AACR2 
041 0 |a slo 
044 |a xo  |c SK 
072 7 |a 621.38  |2 konspekt 
080 |a 621.38  |2 1981 
080 |a (075.8)  |2 1981 
080 |a 621.3(075.8)  |2 2. slo 
100 1 |a Petrovič, Pavol,  |d 1945-  |4 aut  |9 98543 
245 1 0 |a Elektronika I  |b vybrané obvody číslicovej techniky  |c Pavol Petrovič 
250 |a 1. vyd. 
260 |a V Košiciach  |b Univerzita P.J. Šafárika  |c 2002 
300 |a 139 s.  |b sch., tab.  |c 30 cm 
490 1 |a Vysokoškolské učebné texty 
500 |a 100 výt. 
504 |a Bibliogr. s. 137-139. Zoz. 
650 0 7 |a elektronika  |2 SNK  |9 3618 
650 0 7 |a elektronika  |2 phsnk  |9 3618 
655 7 |a Textbooks (higher)  |2 SNKPHeng  |9 276436 
655 7 |a učebnice vysokých škôl  |2 SNKPH  |9 70191 
752 |d Košice 
810 2 |a Univerzita P. J. Šafárika v Košiciach  |t Vysokoškolské učebné texty  |9 293211 
919 |a 80-7097-501-6 
958 0 7 |a NB 
958 |a OND 
968 |d 62 
999 |c 644261  |d 646191 
952 |t P60, <03>, [BOOK], {603}  |a SNK  |b SNK  |y PREZ  |7 0  |p 17A0405372  |o snkSB 67712/1  |i snkKSP 15429/2003  |0 0  |1 0  |4 0  |d 2003-12-04  |f 1  |l 0  |r 2025-04-16 00:00:00  |w 2026-02-23 
952 |t P60, <04>, [BOOK], {604}  |a SNK  |b SNK  |y VYP  |7 0  |p 17A0405373  |o snkSB 67712/1 D1  |i snkKSP 15430/2003  |0 0  |1 0  |4 0  |d 2003-12-04  |l 0  |r 2005-01-02 00:00:00  |w 2026-02-23